Τζιχάντ : ο ιερός πόλεμος του Ισλάμ ; σύστασι, καθιέρωσι, σύγχρονες εφαρμογές του
Αποθηκεύτηκε σε:
| Κύριος συγγραφέας: | |
|---|---|
| Μορφή: | Βιβλίο |
| Γλώσσα: | Greek |
| Δημοσίευση: |
Θεσσαλονίκη :
Κυρομάνος,
2003.
|
| Θέματα: | |
| Ετικέτες: |
Προσθήκη ετικέτας
Δεν υπάρχουν, Καταχωρήστε ετικέτα πρώτοι!
|
MARC
| LEADER | 00000cam a2200000 i 4500 | ||
|---|---|---|---|
| 001 | 1/77807 | ||
| 008 | 080318s2003 gr | ||| |||| ||gre|| | ||
| 020 | |a 9607812204 | ||
| 035 | |l 10095582 | ||
| 040 | |a GR-MY-UA |b gre |e aacr | ||
| 041 | 0 | |a gre | |
| 082 | 7 | |a 270.1 |2 (22) | |
| 100 | 1 | |a Νικολακάκης, Ηλίας Δ. | |
| 245 | 1 | 0 | |a Τζιχάντ : |b ο ιερός πόλεμος του Ισλάμ ; σύστασι, καθιέρωσι, σύγχρονες εφαρμογές του / |c Ηλία Δ. Νικολακάκη. |
| 260 | |a Θεσσαλονίκη : |b Κυρομάνος, |c 2003. | ||
| 300 | |a 255 σ. : |c 24 εκ. | ||
| 500 | |a Το τεκμήριο είναι δεμένο με: Οι αντιφάσεις της Καινής Διαθήκης / Μάρας Θωμάς. | ||
| 650 | 0 | 0 | |a Islamic fundamentalism. |
| 650 | 0 | 0 | |a Islam and state. |
| 650 | 0 | 0 | |a Islam and politics. |
| 650 | 0 | 0 | |a Jihad. |
| 650 | 0 | 0 | |a Islam |y 20th century. |
| 852 | |a INST |b RHODES |c KRI |e 20080318 |h 270.1 ΜΑΡ |p 005400029737 |q 005400029737 |t BK |y 0 | ||
| 901 | |a BIBL4-2005-3 | ||
| 909 | |a Ρ |b 128504 | ||
| 970 | |a ΚΟΖΑ |b ΜΑΡΙΑ |z 2008/03/18 | ||